| 000 | 00482nam a22001817a 4500 | ||
|---|---|---|---|
| 003 | CEME | ||
| 005 | 20210628203122.0 | ||
| 008 | 210222b xxu||||| |||| 00| 0 eng d | ||
| 020 | _a81-7041-541-4 | ||
| 040 | _c. | ||
| 082 | _a510.03 AOR | ||
| 100 |
_aArona,S.K, Nanda, Jyoti _963416 |
||
| 245 | _aEncyclopaedic dictionary of mathematics | ||
| 250 | _a3 VOLS | ||
| 260 |
_aNEW DELHI _bA SPI _c1991 |
||
| 650 |
_aDICTIONARY OF MATHEMATICS, MATHEMATICS _963417 |
||
| 942 |
_cBK _2ddc |
||
| 999 |
_c572248 _d572248 |
||